000 00853nmm a2200265 a 4500
001 ocm0002015449
003 TR-IsHL
005 20201028175619.0
008 181030s2015 tu tur
007 cr cn
020 _a9786059148214
035 _a2015449
_b(N$T)
050 0 4 _aPL248.T36
_bH8 2015
090 0 4 _aPL248.T36
_bH8 2015
100 1 _aTanrıverdioğlu Ersöz, Sema
245 1 0 _aHüzün bestesi
_h[electronic resource] /
_cSema Tanrıverdioğlu Ersöz
260 _aAnkara :
_bBengü Yayınları,
_c2015
300 _a114 p.
650 4 _aDil ve Edebiyat
650 4 _aLanguage and Literature
650 0 _aTürk denemeleri
650 0 _aTurkish essays
650 7 _aLITERARY COLLECTIONS / Middle Eastern
_2bisacsh
856 4 0 _uhttp://search.ebscohost.com/login.aspx?direct=true&scope=site&db=e011xww&AN=2015449
999 _c18751
_d18751